000 00890cab a2200193 4500
001 ##L134029
008 060704n2006 000 0 eng u
035 _a(Sirsi) u134029
041 0 _aeng
245 0 0 _aCosts rise but labour prices remain static
260 _c2006
490 0 _aConstruction News
_v(6973) 29 June 2006, 17(1)
520 _aFigures from the EC Harris/"Construction News" Contractors Input Cost Index show that input costs in the year to June 2006 rose by 2.2%, although there was a slight fall over the last quarter. Labour rates were up 2.7% on the previous year and materials prices up 2.1%. Graphs and table provide mean prices for labour and materials across UK regions.
590 _aIKA040706
650 2 4 _aEC HARRIS CONSTRUCTION NEWS CONTRACTORS INPUT COST INDEX
651 4 _aUnited Kingdom
_y
690 _aBUILT ENVIRONMENT-BUILDING COSTS
942 _n0
999 _c77335
_d77335